Ricostruisci la Carriera del Calciatore - João Moutinho - Statistics

Statistiche generali
  • Questo quiz è stato fatto 4 volte
  • Il punteggio medio è 4 su 6
Statistiche sulle risposte
Hint Risposta % Corretto
2004-2010 Sporting Lisbona
100%
2003-2004 Sporting Lisbona B
100%
2023- Braga
67%
2013-2018 Monaco
67%
2018-2023 Wolverhampton
67%
2010-2013 Porto
33%
Nessun quiz corrispondente trovato
Distribuzione punteggi
Percentuale di utenti per punteggio
Percentile per numero di risposta
I tuoi punteggi nel tempo
Non hai fatto questo quiz